logo

Bir Sreshtho Munshi Abdur Rouf Library
Jhenaidah Cadet College

Wanda's Circus / (Record no. 4986)

MARC details
000 -LEADER
fixed length control field 00558nam a2200229 a 4500
001 - CONTROL NUMBER
JCCL Control Number 4986
003 - CONTROL NUMBER IDENTIFIER
JCCL marc code BD-JhCC
005 - DATE AND TIME OF LATEST TRANSACTION
control field 20171206132322.0
008 - FIXED-LENGTH DATA ELEMENTS--GENERAL INFORMATION
fixed length control field 171206s1985 u a|||| || | 000 0 eng d
020 ## - INTERNATIONAL STANDARD BOOK NUMBER
International Standard Book Number 0027003701
035 ## - SYSTEM CONTROL NUMBER
system control number (BD-JhCC)4986
040 ## - CATALOGING SOURCE
Original cataloging agency BD-JhCC
Modifying agency BD-JhCC
041 ## - LANGUAGE CODE
Language code of Book eng
082 ## - DEWEY DECIMAL CLASSIFICATION NUMBER
Classification number 823.914
Author mark and Year AIT 1985
100 ## - MAIN ENTRY--PERSONAL NAME
Personal name Aitken, Amy
245 ## - TITLE STATEMENT
Title Wanda's Circus /
Statement of responsibility, etc Amy Aitken,
260 ## - PUBLICATION, DISTRIBUTION, ETC. (IMPRINT)
Place of publication, distribution, etc New york:
Name of publisher, distributor, etc Bradbury Press,
Date of publication, distribution, etc 1985.
300 ## - PHYSICAL DESCRIPTION
Pagination 30 p. :
Other physical details ill. ;
Dimensions 25 cm.
650 ## - SUBJECT ADDED ENTRY--TOPICAL TERM
Topical term or geographic name as entry element English Story
942 ## - ADDED ENTRY ELEMENTS (KOHA)
Source of classification or shelving scheme Dewey Decimal Classification
Koha item type Books
Holdings
Source of classification or shelving scheme Damaged status Not for loan Home library Current library Shelving location Date of accession Total Checkouts Full call number Barcode Date last seen Copy number Koha item type
Dewey Decimal Classification     JCC Rouf Library JCC Rouf Library General Stacks 12/06/2017   823.914 AIT 1985 6698 12/06/2017 C-1 Books
Dewey Decimal Classification     JCC Rouf Library JCC Rouf Library General Stacks 12/06/2017   823.914 AIT 1985 6691 12/06/2017 C-2 Books

JCC Library | Contacts | JCC Home

Last Update on 23 September 2017
Copyright @ 2017-2020 JCC Rouf Library
Rouf Library, Jhenidah Cadet College (JCC), Bangladesh